Nourriture en A - Statistiques

Statistiques générales
  • Ce quiz a été pris 1 142 fois
  • Le résultat moyen est 11 sur 16
Statistiques - réponses
Par images Réponse % Correct
Ananas
100%
Ail
99%
Avocat
99%
Abricot
98%
Aubergine
96%
Algue
95%
Asperge
95%
Amande
92%
Artichaut
88%
Aligot
65%
Anchois
45%
Andouillette
45%
Agneau
42%
Absinthe
24%
Amaretto
22%
Amarante
3%
Aucun quiz correspondant
Distribution des résultats
% des personnes avec chaque résultat
Percentile par nombre de réponses
Votre historique - résultats
Vous n’avez pas pris ce quiz